[Event "Vlissingen HZ op 23rd"]
[Site "Vlissingen"]
[Date "2019.08.03"]
[Round "1"]
[White "Klepke, Ricardo"]
[Black "De Meester, Johan"]
[Result "1-0"]
[WhiteElo "2267"]
[BlackElo "1748"]
[PlyCount "75"]
[EventDate "2019.08.03"]
[EventType "swiss"]
[EventRounds "9"]
[EventCountry "NED"]
[SourceTitle "CBM 191 Extra"]
[Source "ChessBase"]
[SourceDate "2019.09.30"]
[SourceVersion "1"]
[SourceVersionDate "2019.09.30"]
[SourceQuality "1"]

1. d4 d5 2. c4 c6 3. Nf3 Nf6 4. Qc2 e6 5. g3 Nbd7 6. Bg2 Bd6 7. 0-0 0-0 8. Nbd2 Re8 9. e4 dxe4 10. Nxe4 Nxe4 11. Qxe4 Nf6 12. Qe2 c5 13. Rd1 cxd4 14. Nxd4 Qb6 15. Nb5 Bc5 16. a4 a5 17. Be3 Bd7 18. Bxc5 Qxc5 19. Bxb7 Rab8 20. Bg2 e5 21. Qe3 Qb4 22. Qd2 Qc5 23. Qe3 Qb4 24. Qa3 Qe7 25. Qxe7 Rxe7 26. Rd6 Re6 27. Rad1 Rxd6 28. Rxd6 Kf8 29. Ra6 Be6 30. c5 Rd8 31. Nc3 Bc4 32. Rxa5 Rd2 33. c6 Ne8 34. c7 Rc2 35. c8Q Rc1+ 36. Bf1 Bxf1 37. Qc5+ Kg8 38. f4 1-0

[Event "Vlissingen HZ op 21st"]
[Site "Vlissingen"]
[Date "2017.08.12"]
[Round "9"]
[White "Kuipers, Stefan"]
[Black "Klepke, Ricardo"]
[Result "1-0"]
[WhiteElo "2399"]
[BlackElo "2205"]
[PlyCount "157"]
[EventDate "2017.08.05"]
[EventType "swiss"]
[EventRounds "9"]
[EventCountry "NED"]
[SourceTitle "CBM 179 Extra"]
[Source "ChessBase"]
[SourceDate "2017.08.23"]
[SourceVersion "1"]
[SourceVersionDate "2017.08.23"]
[SourceQuality "1"]

1. e4 c5 2. Nf3 d6 3. d4 cxd4 4. Nxd4 Nf6 5. Nc3 a6 6. Qd3 Nc6 7. Bg5 Qa5 8. f4 Nxd4 9. Qxd4 Be6 10. b4 Qc7 11. f5 Rc8 12. fxe6 Qxc3+ 13. Qxc3 Rxc3 14. exf7+ Kxf7 15. Bd3 e5 16. Bd2 Rc7 17. Rf1 Be7 18. Ke2 Ke6 19. c4 Rf8 20. Rac1 h6 21. Bc3 b6 22. Bd2 Nh5 23. Rxf8 Bxf8 24. g3 Nf6 25. Be3 Nd7 26. Rc3 Rb7 27. Bc2 Nb8 28. c5 Rc7 29. Bb3+ Kd7 30. Rd3 bxc5 31. Bxc5 Nc6 32. a3 Nd4+ 33. Bxd4 exd4 34. Rxd4 Be7 35. e5 Rc3 36. e6+ Kd8 37. Rd3 Rc1 38. Kf3 Kc7 39. Ke4 g6 40. Rd2 Re1+ 41. Kd3 Re5 42. Rc2+ Kb6 43. Rc8 d5 44. Kd4 Rxe6 45. Bxd5 Bf6+ 46. Kc4 Rd6 47. Rc5 Ka7 48. Rc7+ Kb8 49. Rb7+ Kc8 50. Rh7 Bg5 51. a4 Be3 52. h3 h5 53. Rh8+ Kc7 54. Rg8 Bf2 55. Rg7+ Kc8 56. Rg8+ Kc7 57. Rg7+ Kc8 58. g4 Be3 59. Rg8+ Kc7 60. Rg7+ Kc8 61. gxh5 gxh5 62. Re7 Bf2 63. Rf7 Be3 64. Rf3 Bg1 65. Rf8+ Kc7 66. Rh8 Rf6 67. Rxh5 Be3 68. Rh7+ Kd6 69. Bb7 Rf4+ 70. Kd3 Bf2 71. Rh6+ Kc7 72. Be4 Be1 73. b5 axb5 74. axb5 Rh4 75. b6+ Kb8 76. Rxh4 Bxh4 77. Ke3 Bg3 78. Kf3 Bh2 79. h4 1-0

[Event "Spijkenisse op-A 3rd"]
[Site "Spijkenisse"]
[Date "2013.10.25"]
[Round "1"]
[White "Kalkman, Rob"]
[Black "Klepke, Ricardo"]
[Result "0-1"]
[WhiteElo "1801"]
[BlackElo "2007"]
[PlyCount "92"]
[EventDate "2013.10.25"]
[EventType "swiss"]
[EventRounds "6"]
[EventCountry "NED"]
[SourceTitle "EXT 2014"]
[Source "ChessBase"]
[SourceDate "2013.11.20"]
[SourceVersion "1"]
[SourceVersionDate "2013.11.20"]
[SourceQuality "1"]

1. e4 e6 2. d4 d5 3. e5 c5 4. c3 Nc6 5. Nf3 Qb6 6. Bd3 Bd7 7. dxc5 Bxc5 8. 0-0 a5 9. Na3 Nge7 10. Nc2 Ng6 11. Qe2 Qc7 12. Re1 Ba7 13. Ncd4 Bxd4 14. cxd4 Qb6 15. Qd2 Rc8 16. a3 a4 17. Rb1 Na5 18. Qg5 Nb3 19. Be3 Bb5 20. Bxg6 hxg6 21. Bd2 Bd3 22. Bb4 Qd8 23. Qg4 Bxb1 24. Rxb1 Qc7 25. Rf1 Qc2 26. Qg5 Rc7 27. Bd6 Rd7 28. Qe3 b6 29. g3 Kd8 30. Re1 Kc8 31. Re2 Qc4 32. Bb4 Kb7 33. Bc3 Nc1 34. Re1 Na2 35. Nd2 Qb5 36. Nb1 Rc8 37. Kg2 Rdc7 38. h4 Qb3 39. Rh1 Qc2 40. Re1 Rc6 41. Kg1 R8c7 42. Qf3 Nxc3 43. Nxc3 Qxb2 44. Nxa4 Qxd4 45. Qb3 Qc4 46. Qd1 Qb5 0-1

[Event "NED-ch U20 op"]
[Site "Borne"]
[Date "2013.08.06"]
[Round "3"]
[White "Klepke, Ricardo"]
[Black "Kollen, Zyon"]
[Result "1/2-1/2"]
[WhiteElo "2007"]
[BlackElo "2225"]
[PlyCount "46"]
[EventDate "2013.08.05"]
[EventType "swiss"]
[EventRounds "9"]
[EventCountry "NED"]
[SourceTitle "EXT 2015"]
[Source "ChessBase"]
[SourceDate "2014.11.20"]
[SourceVersion "1"]
[SourceVersionDate "2014.11.20"]
[SourceQuality "1"]

1. Nf3 Nf6 2. c4 g6 3. b4 Bg7 4. Bb2 0-0 5. e3 c6 6. Be2 a5 7. a3 d5 8. 0-0 axb4 9. axb4 Rxa1 10. Bxa1 Qb6 11. Qb3 Na6 12. b5 Nc7 13. Nc3 Be6 14. c5 Qxc5 15. Na4 Qd6 16. Be5 Qd8 17. bxc6 bxc6 18. Qb6 Nd7 19. Bxc7 Nxb6 20. Bxd8 Nxa4 21. Bxe7 Rb8 22. d4 Nc3 23. Bd3 Ne4 1/2-1/2

[Event "Borne Euro Chess op-A"]
[Site "Borne"]
[Date "2012.08.07"]
[Round "2"]
[White "Klepke, Ricardo"]
[Black "Maatman, Nick"]
[Result "1/2-1/2"]
[WhiteElo "2031"]
[BlackElo "2123"]
[PlyCount "65"]
[EventDate "2012.08.06"]
[EventType "swiss"]
[EventRounds "9"]
[EventCountry "NED"]
[SourceTitle "CBM 149 Extra"]
[Source "ChessBase"]
[SourceDate "2012.08.24"]
[SourceVersion "1"]
[SourceVersionDate "2012.08.24"]
[SourceQuality "1"]

1. e4 e5 2. Nf3 Nc6 3. Nc3 Nf6 4. g3 d6 5. Bg2 Bg4 6. d3 Qd7 7. h3 Bh5 8. Be3 0-0-0 9. g4 Bg6 10. Nh4 Be7 11. Nxg6 hxg6 12. Nd5 Kb8 13. c3 Nh7 14. Nxe7 Nxe7 15. d4 Nf8 16. Qb3 Qe6 17. d5 Qd7 18. c4 c5 19. Qc3 Qc7 20. 0-0 Nd7 21. f4 exf4 22. Bxf4 f6 23. g5 Rdf8 24. Qg3 Ne5 25. Bxe5 fxe5 26. Qg4 Qc8 27. Qxc8+ Kxc8 28. Rxf8+ Rxf8 29. Rf1 Rxf1+ 30. Kxf1 Kc7 31. Ke2 Kb6 32. Kd3 Ka5 33. Bf3 1/2-1/2

[Event "Borne Euro Chess op-A"]
[Site "Borne"]
[Date "2011.08.07"]
[Round "9"]
[White "Mostertman, Milan"]
[Black "Klepke, Ricardo"]
[Result "1-0"]
[WhiteElo "2232"]
[BlackElo "2005"]
[PlyCount "97"]
[EventDate "2011.08.01"]
[EventType "swiss"]
[EventRounds "9"]
[EventCountry "NED"]
[SourceTitle "CBM 143 Extra"]
[Source "ChessBase"]
[SourceDate "2011.08.29"]
[SourceVersion "1"]
[SourceVersionDate "2011.08.29"]
[SourceQuality "1"]

1. e4 e6 2. d4 d5 3. Nd2 Nf6 4. e5 Nfd7 5. c3 c5 6. Bd3 Nc6 7. Ne2 cxd4 8. cxd4 f6 9. exf6 Nxf6 10. Nf3 Bd6 11. 0-0 Qc7 12. Bg5 0-0 13. Rc1 Nh5 14. Ng3 Nf4 15. Bb1 g6 16. Bh6 Re8 17. Re1 Qf7 18. a3 Bd7 19. Rc3 Bf8 20. Rxc6 Bxc6 21. Ne5 Qf6 22. Ng4 Qf7 23. Qd2 e5 24. dxe5 Ne6 25. Nf6+ Kh8 26. Nxe8 Rxe8 27. Bxf8 Rxf8 28. f3 Rd8 29. Ba2 Bb5 30. Ne2 Bxe2 31. Qxe2 Qc7 32. Rd1 Kg7 33. Qe3 d4 34. Qe4 Nc5 35. Qf4 d3 36. Qf6+ Kh6 37. e6 Qb6 38. Kh1 Qd6 39. b4 Na4 40. h3 d2 41. Bd5 Nb6 42. Rxd2 Nxd5 43. Rxd5 Qxd5 44. e7 Re8 45. Qf8+ Kg5 46. h4+ Kxh4 47. Qf4+ Kh5 48. g4+ Kh4 49. g5+ 1-0

[Event "Borne Euro Chess op-A"]
[Site "Borne"]
[Date "2011.08.03"]
[Round "5"]
[White "Slagter, David"]
[Black "Klepke, Ricardo"]
[Result "1-0"]
[WhiteElo "2130"]
[BlackElo "2005"]
[PlyCount "77"]
[EventDate "2011.08.01"]
[EventType "swiss"]
[EventRounds "9"]
[EventCountry "NED"]
[SourceTitle "CBM 143 Extra"]
[Source "ChessBase"]
[SourceDate "2011.08.29"]
[SourceVersion "1"]
[SourceVersionDate "2011.08.29"]
[SourceQuality "1"]

1. e4 e6 2. d4 d5 3. Nc3 Bb4 4. e5 c5 5. Bd2 cxd4 6. Nb5 Bxd2+ 7. Qxd2 Nc6 8. Nf3 Nge7 9. Nbxd4 0-0 10. Be2 a6 11. 0-0 Qc7 12. Qg5 Nxd4 13. Nxd4 Nc6 14. Nf3 Qe7 15. Qe3 f6 16. c4 fxe5 17. Nxe5 Nxe5 18. Qxe5 Qf6 19. Qxf6 Rxf6 20. cxd5 exd5 21. Bf3 Rd6 22. Rfd1 Be6 23. Rd2 Rad8 24. b3 Kf7 25. Rad1 Ke7 26. g4 b5 27. Rd4 a5 28. Kg2 g5 29. Kg3 h6 30. h4 Kf6 31. Be2 b4 32. f4 Bc8 33. Bf3 Bb7 34. Rh1 Rg8 35. hxg5+ hxg5 36. Rh6+ Rg6 37. Rh7 Bc8 38. Ra7 gxf4+ 39. Kxf4 1-0

[Event "NED-ch op U18"]
[Site "Enschede"]
[Date "2010.08.12"]
[Round "7"]
[White "Klepke, Ricardo"]
[Black "Slagter, David"]
[Result "1/2-1/2"]
[WhiteElo "2019"]
[BlackElo "2099"]
[PlyCount "96"]
[EventDate "2010.08.09"]
[EventType "swiss"]
[EventRounds "9"]
[EventCountry "NED"]
[SourceTitle "CBM 137 Extra"]
[Source "ChessBase"]
[SourceDate "2010.09.01"]
[SourceVersion "1"]
[SourceVersionDate "2010.09.01"]
[SourceQuality "1"]

1. e4 d6 2. d4 Nf6 3. Nc3 g6 4. Be3 Bg7 5. f3 0-0 6. Qd2 a6 7. a4 e5 8. d5 Nh5 9. g4 Nf4 10. Nge2 Nxe2 11. Bxe2 f5 12. gxf5 gxf5 13. Bg5 Qe8 14. Rg1 f4 15. Bh6 Rf7 16. Bc4 Kh8 17. Bxg7+ Rxg7 18. 0-0-0 Rxg1 19. Rxg1 Nd7 20. Qg2 Qf7 21. Nd1 Nf8 22. Nf2 Bd7 23. Nd3 Ng6 24. a5 Rg8 25. Qf2 Qf6 26. Qa7 Bc8 27. Qb8 Bg4 28. Qxc7 Bxf3 29. Nf2 Qh4 30. Qxd6 Rc8 31. Bb3 Be2 32. Qe6 Rf8 33. Qb6 Qxh2 34. Rh1 Qg3 35. d6 Qe3+ 36. Qxe3 fxe3 37. Nd1 Bxd1 38. Rxd1 Nf4 39. d7 Ne2+ 40. Kb1 Nd4 41. Bc4 Rd8 42. c3 e2 43. Re1 Nc6 44. Be6 Nxa5 45. Rxe2 Nc6 46. Rh2 Kg7 47. Bf5 h6 48. b4 Ne7 1/2-1/2